Statistics for Country Names With More Than 2 Words

Click here to take the quiz!

General Stats

  • This quiz has been taken 1,094 times
    (1,055 since last reset)
  • The average score is 10 of 13

Answer Stats

# of wordsCountry% Correct
5Democratic Republic of the Congo
90%
4Saint Kitts and Nevis
83%
4United States of America
83%
4Republic of the Congo
82%
5Saint Vincent and the Grenadines
82%
3Trinidad and Tobago
80%
3Antigua and Barbuda
78%
3United Arab Emirates
77%
4Federated States of Micronesia
74%
3Papua New Guinea
71%
4São Tomé and Príncipe
71%
3Central African Republic
65%
3Bosnia and Herzegovina
64%

Score Distribution

Percentile by Number Answered

Percent of People with Each Score

Your Score History

You have not taken this quiz since the last reset